000 00248nam a2200097Ia 4500
008 240331s9999 xx 000 0 und d
082 _bDEV
100 _aKotze, D.A, . ed
245 0 _aDevelopment policies and approaches in Southern Africa
942 _cL
999 _c2743
_d2743